000 00474nam a2200181Ia 4500
008 090123s9999 xx 000 0 und d
082 _b34115
100 _aसामंत बाळ
245 _aगजराज
250 _a1
260 _bपरचुरे प्रकाशन
_c2002
300 _a248
600 _aसामंत बाळ
630 _aगजराज
700 _aसामंत बाळ
730 _aगजराज
942 _cBOOK
999 _c72157
_d72157